banner-ar

Architecture for the dead : (Record no. 60587)

MARC details
000 -الفاتح
حقل البيانات ثابتة الطول 01009cam a22003137a 4500
005 - وقت وتاريخ اخر تعامل مع التسجيلة
رقم الضبط 20240530110417.0
008 - عناصر البيانات ثابتة الطول - معلومات عامة
حقل البيانات ثابتة الطول 090102s2007 gw aeobf b 001 0 eng
020 ## - الرقم الدولى المعيارى للكتب
الرقم الدولى المعيارى للكتاب 9789774160745
020 ## - الرقم الدولى المعيارى للكتب
الرقم الدولى المعيارى للكتاب 9774160746
040 ## - مصدر الفهرسة
وكالة الفهرسة الأصلية EG-CaGPL
وكالة النسخ EG-CaGPL
041 1# - رمز اللغة
رمز لغة النص/ المسارات الصوتية أو العنوان الانفرادي eng
رمز لغة الترجمات و/او الاصلية المتوسطة للنص fre
082 04 - رقم تصنيف ديوى العشرى
رقم الطبعة 21
رقم التصنيف 726.8
رقم المادة CC/G A
100 0# - المدخل الرئيسى - إسم شخصى
الإسم الشخصى Galila El Kadi
245 00 - بيان العنوان
العنوان Architecture for the dead :
بقية العنوان Cairo's medieval necropolis /
بيان المسئوليه,etc Galila EL Kadi , Alain Bonnamy
250 ## - بيان الطبعة
بيان الطبعة 1st ed.
260 ## - PUBLICATION, DISTRIBUTION, ETC. (IMPRINT)
تاريخ النشر أو التوزيع 2007.
300 ## - الوصف المادى
التعداد 302 s. :
تفاصيل ماديه اخرى للوعاء col. ill., plans (some col.) ;
أبعاد الوعاء 34 cm.
500 ## - تبصرة عامة
تبصرة عامة Tyt. oryg.: La cité des morts.
500 ## - تبصرة عامة
تبصرة عامة Includes indexes.
650 #0 - المدخل الاضافى بالموضوع-مصطلح موضوعى
مصطلح موضوعي Landscape architecture
التقسيم الفرعي الشكلي Pictorial works.
650 #0 - المدخل الاضافى بالموضوع-مصطلح موضوعى
مصطلح موضوعي Pomniki nagrobne islamskie
التقسيم الفرعي الجغرافي Egipt
650 #0 - المدخل الاضافى بالموضوع-مصطلح موضوعى
مصطلح موضوعي Cmentarze muzułmańskie
التقسيم الفرعي الجغرافي Egipt
650 #0 - المدخل الاضافى بالموضوع-مصطلح موضوعى
مصطلح موضوعي Landscape architecture
التقسيم الفرعي الشكلي Designs and plans.
700 1# - المدخل الاضافى - اسم شخصى
الإسم الشخصى Bonnamy, Alain.
700 1# - المدخل الاضافى - اسم شخصى
الإسم الشخصى Dresner, Philippe.
942 ## - عناصر المدخل الإضافي( كوها)
مصدر التصنيف او مخطط الترفيف Dewey Decimal Classification
Koha [default] item type كتاب
260 ## - PUBLICATION, DISTRIBUTION, ETC. (IMPRINT)
-- Cairo :
-- The American University in Cairo Press,
Holdings
حالة التراجع حالة الفقد مصدر التصنيف او خطة الترفيف حالة تلف ليس للاعارة المكان المؤقت الموقع الحالى تاريخ الاكتساب اجمالي اﻻعارات رقم الطلب الباركود تاريخ اخر مشاهدة تاريخ تفعيل السعر نوع وعاء كوها
    ddc     مكتبة القاهرة الكبرى مكتبة القاهرة الكبرى 03/09/2015   726.8 CC/G A 159684 03/09/2015 03/09/2015 كتاب

Powered By

EGPV